| 000 | 00000nas 2200000za 4500 |
| 001 | 9.866605 |
| 003 | CaOODSP |
| 005 | 20221107162104 |
| 007 | cr ||||||||||| |
| 008 | 190104d19231931oncar p oss f0###a0eng| |
| 040 | |aCaOODSP|beng |
| 043 | |an-cn--- |
| 086 | 1 |aCS32-D-21E-PDF |
| 245 | 00|aConsumption of butter and cheese in Canada |h[electronic resource]. |
| 246 | 13|aEstimated consumption of butter, cheese and eggs in Canada |f1924/1927, 1928/1931 |
| 246 | 13|aEstimated consumption of butter and cheese in Canada |f1925/1928-1927/1930 |
| 260 | |a[Ottawa] : |bDominion Bureau of Statistics, Internal Trade Branch, |c[1923?-1931?] |
| 310 | |aAnnual (irregular) |
| 362 | 1 |aBegan with 1921/1923; ceased with 1928/1931. |
| 500 | |aDigitized edition from print [produced by Statistics Canada]. |
| 500 | |aTitle from caption. |
| 515 | |aIssues for 1922/1924, 1923/1926 and 1926/1927 not published. |
| 550 | |aIssued 1924/1927-1928/1931 by Agricultural Branch. |
| 692 | 07|2gccst|aFood processing |
| 692 | 07|2gccst|aAgri-food products |
| 710 | 1 |aCanada. |bDominion Bureau of Statistics. |